00454nam a2200145Ia 4500008004100000100001700041245009200058245001700150260004700167260001300214300002500227500001300252650002300265650002000288170224s9999 xx 000 0 und d aAlecia Swasy 2aA Little Birdie Told Me: Factors that Influence the Diffusion of Twitter in Newsrooms  cAlecia Swasy bJournal of Broadcasting & Electronic Media cDecember a60:4, Pages: 643-656 aDecember xCommunication Arts xMultimedia Arts